Manažment ľudského kapitálu vo vedomostnej spoločnosti
Vybrané poznatky o manažmente ľudských zdrojov v nových spoločensko-ekonomických podmienkach globalizujúcej sa spoločnosti na začiatku 21. storočia. Smery lisabonskej stratégie v oblasti vzdelávania.
Guardado en:
| Autor principal: | |
|---|---|
| Otros Autores: | |
| Formato: | Capítulo de libro |
| Lenguaje: | eslovaco |
| Materias: | |
| Etiquetas: |
Sin Etiquetas, Sea el primero en etiquetar este registro!
|
MARC
| LEADER | 00000naa$a2200000$$$4500 | ||
|---|---|---|---|
| 001 | 0081143 | ||
| 005 | 20231010124818.5 | ||
| 041 | 0 | |a slo | |
| 044 | |a SK | ||
| 245 | 1 | 0 | |a Manažment ľudského kapitálu vo vedomostnej spoločnosti |c Branislav Horník, Peter Plavčan |
| 520 | |a Vybrané poznatky o manažmente ľudských zdrojov v nových spoločensko-ekonomických podmienkach globalizujúcej sa spoločnosti na začiatku 21. storočia. Smery lisabonskej stratégie v oblasti vzdelávania. | ||
| 610 | 2 | 0 | |a kapitál ľudský |
| 610 | 2 | 0 | |a manažment |
| 610 | 2 | 0 | |a spoločnosť vedomostná |
| 610 | 2 | 0 | |a globalizácia |
| 610 | 2 | 0 | |a vzdelanie |
| 100 | 1 | |a Horník, Branislav | |
| 700 | 1 | |a Plavčan, Peter | |